Country Flag-Shape Picture Quiz #10 - Statistics

General Stats
  • This quiz has been taken 36,004 times
    30,098 since last reset
  • The average score is 13 of 16
Answer Stats
Picture Answer % Correct
Denmark
98%
Cyprus
96%
Bhutan
92%
Hungary
92%
Mongolia
91%
Cameroon
85%
Zambia
84%
Andorra
82%
Kuwait
81%
Liechtenstein
81%
Tajikistan
76%
Bolivia
73%
Guinea
72%
Republic of the Congo
71%
Comoros
69%
Djibouti
69%
No matching quizzes found
Score Distribution
Percent of People with Each Score
Percentile by Number Answered
Your Score History
You have not taken this quiz since the last reset